000 01710nam0a22003611 4500
001 rc\2282978
005 20260407083056.0
035 _a(NLR Aleph) 006562051
090 _a6854082
_c6854082
100 _a20110829d1976 |||y0rusy50 ca
101 0 _arus
102 _aRU
105 _ac ac |||||
200 1 _aС.Г. Потапов - журналист и историк-краевед
_e(Биобиблиогр. указ.)
_f[Сост. Н.М. Алексеев, В.Н. Павлова]
_gЯкут. респ. б-ка им. А.С. Пушкина, Отд. нац. и краевед. литературы
210 _aЯкутск
_cКн. изд-во
_d1976
215 _a37 с.
_cпортр.
_d20
606 _aКраеведение
_jУказатели литературы
_yЯкутская АССР
_2psbo
606 _aКраеведы якутские, советские
_jБиблиографические пособия
_2psbo
686 _aТ1(2Р-6я)7-8Потапов, С.Г.
_2rubbk
686 _aч612.3(2)7-8Потапов
_2rubbk
700 1 _7ca
_8rus
_aАлексеев
_bН. М.
_cбиблиограф
_f1906-1975
_gНиколай Михайлович
_9170273
_3RU\NLR\AUTH\770170323
701 1 _aПавлова
_bВ.Н.
702 1 _aПотапов
_bС.Г.
_gСерафим Георгиевич
_4570
712 0 2 _aЯкутская республиканская научная библиотека им. А. С. Пушкина
_3RU\NLR\AUTH\889085
_9290681
801 0 _aRU
_bNLR
_gpsbo
801 1 _aRU
_bELAR
_2rusmarc
852 _aNLR
_j641/П64
899 _aRuMoRGB
_jБ 76-51/1785
899 _aRuMoRGB
_jКБ
899 _aRuMoRGB
_jЦСБ
942 _cBOOK
980 _aNB